000 00354nam a2200157Ia 4500
100 _aRajkamal
650 _aEmbedded systems
942 _cBK
366 _f20
654 _aembedded
245 _aEmbedded systems:Architecture
260 _bTata Mc Graw hill Ltd.
_aNew Delhi
_c2003
082 _a003.3/RAJ
_bRAJ
300 _a633
546 _aENGLISH
999 _c30264
_d30264